Identificación de escamas asociadas al cultivo de higo (Ficus carica L.) en el Estado de Morelos, México / (Record no. 219456)
[ view plain ]
| 000 -CABECERA | |
|---|---|
| campo de control de longitud fija | 02762nam a2200289 a 4500 |
| 003 - IDENTIFICADOR DEL NÚMERO DE CONTROL | |
| campo de control | OSt |
| 005 - FECHA Y HORA DE LA ÚLTIMA TRANSACCIÓN | |
| campo de control | 20260210132157.0 |
| 007 - CAMPO FIJO DE DESCRIPCIÓN FÍSICA--INFORMACIÓN GENERAL | |
| campo de control de longitud fija | cr ||||||a|c|a |
| 008 - DATOS DE LONGITUD FIJA--INFORMACIÓN GENERAL | |
| campo de control de longitud fija | 231128s2019 mx a|||fom||| 001 0 spa d |
| 040 ## - FUENTE DE LA CATALOGACIÓN | |
| Normas de descripción | rda |
| 100 1# - ENTRADA PRINCIPAL--NOMBRE DE PERSONA | |
| 9 (RLIN) | 188312 |
| Nombre de persona | González Ramírez, Saúl |
| 245 10 - MENCIÓN DE TÍTULO | |
| Título | Identificación de escamas asociadas al cultivo de higo (Ficus carica L.) en el Estado de Morelos, México / |
| Mención de responsabilidad, etc. | por Saúl González Ramírez : director de tesis Manuel Alejandro Tejeda Reyes. |
| 264 #1 - PRODUCCIÓN, PUBLICACIÓN, DISTRIBUCIÓN, FABRICACIÓN Y COPYRIGHT | |
| Producción, publicación, distribución, fabricación y copyright | Chapingo, México : |
| Nombre del de productor, editor, distribuidor, fabricante | El autor, |
| Fecha de producción, publicación, distribución, fabricación o copyright | 2019. |
| 300 ## - DESCRIPCIÓN FÍSICA | |
| Extensión | 1 recurso en línea (37 páginas): |
| Otras características físicas | cuadros, figuras. |
| 336 ## - TIPO DE CONTENIDO | |
| Fuente | rdacontent |
| Término de tipo de contenido | texto |
| Código de tipo de contenido | txt |
| 337 ## - TIPO DE MEDIO | |
| Fuente | rdamedia |
| Nombre/término del tipo de medio | computadora |
| Código del tipo de medio | c |
| 338 ## - TIPO DE SOPORTE | |
| Fuente | rdacarrier |
| Nombre/término del tipo de soporte | recurso en línea |
| Código del tipo de soporte | cr |
| 502 ## - NOTA DE TESIS | |
| Tipo de título | Ingeniero Agrónomo Especialista en Parasitología Agrícola |
| Nombre de la institución que otorga el título | Departamento de Enseñanza, Investigación y Servicio en Parasitología Agrícola, |
| Año de obtención del título | 2019. |
| Información miscelánea | Licenciatura |
| 504 ## - NOTA DE BIBLIOGRAFÍA, ETC. | |
| Nota de bibliografía, etc. | Incluye referencias bibliográficas: páginas 35-37. |
| 520 ## - SUMARIO, ETC. | |
| Sumario, etc. | El cultivo de higo representa una actividad económica importante para el estado de Morelos. Uno de los problemas que afectan la producción son los que se encuentran insectos conocidos como escamas, de las cuales se cuenta con poca información al respecto a las especies que se presentan, su biología, y principalmente a su manejo en México. El objetivo de este trabajo fue identificar las especies de escamas y sus enemigos naturales asociados a estas en el cultivo de higo (Ficus carica) en Telixtac, Morelos. Los muestreos se realizaron mensualmente de mayo de 2019 a septiembre de 2019 sobre parcelas del cultivo de higo en Telixtac, Axochiapan, Morelos. La escama blanda que se encontró afectando al cultivo del higo en Telixtac, Axochiapan, Morelos, fue identificada como Saissetia nr. miranda (Cockerell & Parrott) (Hemiptera: Coccidae), la cual ha sido llamada comúnmente como escama negra mexicana (Mexican black scale). Durante los diferentes muestreos realizados se colectaron un total de 1565 escamas, de las cuales se obtuvieron 4 adultos, 10 larvas, 29 pupas, y 176 escamas con perforación, obteniendo un porcentaje de parasitismo de 14%. De los adultos que se obtuvieron se hicieron las identificaciones a nivel de familia, obteniéndose a las familias Eupelmidae (1 individuos), y Pteromalidae (3 individuos). Los resultados obtenidos en este estudio son relevantes debido a la poca información que existe respecto a este problema fitosanitarios en México, y su utilidad en el manejo integrado de este insecto. |
| 650 #4 - PUNTO DE ACCESO ADICIONAL DE MATERIA--TÉRMINO DE MATERIA | |
| 9 (RLIN) | 55343 |
| Término de materia o nombre geográfico como elemento de entrada | Higo |
| Subdivisión general | Enfermedades |
| 650 #4 - PUNTO DE ACCESO ADICIONAL DE MATERIA--TÉRMINO DE MATERIA | |
| 9 (RLIN) | 188313 |
| Término de materia o nombre geográfico como elemento de entrada | Escama negra mexicana |
| Subdivisión general | Identificación |
| 650 #4 - PUNTO DE ACCESO ADICIONAL DE MATERIA--TÉRMINO DE MATERIA | |
| 9 (RLIN) | 58929 |
| Término de materia o nombre geográfico como elemento de entrada | Insectos |
| Subdivisión general | Identificación |
| 700 1# - PUNTO DE ACCESO ADICIONAL--NOMBRE DE PERSONA | |
| 9 (RLIN) | 112025 |
| Nombre de persona | Tejeda Reyes, Manuel Alejandro |
| Término indicativo de función/relación | Director de tesis. |
| 856 ## - LOCALIZACIÓN Y ACCESO ELECTRÓNICOS | |
| Identificador Uniforme del Recurso | http://10.13.5.2/tesis/tl/Gonzalez_Ramirez_Saul.pdf |
| Nota pública | DESCARGAR PDF |
| 942 ## - ELEMENTOS DE PUNTO DE ACCESO ADICIONAL (KOHA) | |
| Fuente del sistema de clasificación o colocación | Clasificación Universidad Autónoma Chapingo |
| Tipo de ítem Koha | Tesis digital |
| Estado de retiro | Estado de pérdida | Fuente del sistema de clasificación o colocación | Estado dañado | Restricciones de uso | No para préstamo | Código de colección | Localización permanente | Ubicación/localización actual | Ubicación en estantería | Fecha de adquisición | Total de préstamos | Signatura topográfica completa | Fecha visto por última vez | Precio válido a partir de | Tipo de ítem Koha |
|---|---|---|---|---|---|---|---|---|---|---|---|---|---|---|---|
| Clasificación Universidad Autónoma de Chapingo | Préstamo interno | Tesis digitales de Licenciatura | Biblioteca Digital | Biblioteca Digital | En línea | 28/11/2023 | Tesis digital | 28/11/2023 | 28/11/2023 | Tesis digital |
